[Event "GER-ch 83rd"]
[Site "Osterburg"]
[Date "2012.03.10"]
[Round "9"]
[White "Libeau, Rene"]
[Black "Dranischnikov, Egor"]
[Result "0-1"]
[WhiteElo "2399"]
[BlackElo "2327"]
[PlyCount "58"]
[EventDate "2012.03.02"]
[EventType "swiss"]
[EventRounds "9"]
[EventCountry "GER"]
[SourceTitle "CBM 147 Extra"]
[Source "ChessBase"]
[SourceDate "2012.04.24"]
[SourceVersion "1"]
[SourceVersionDate "2012.04.24"]
[SourceQuality "1"]

1. d4 Nf6 2. Nf3 e6 3. e3 c5 4. Bd3 d5 5. b3 Nc6 6. 0-0 Bd6 7. Bb2 0-0 8. a3 Qe7 9. Ne5 Nd7 10. f4 f5 11. Nd2 Nf6 12. c4 Ne4 13. Ndf3 Bxe5 14. dxe5 Rd8 15. Qe1 b6 16. b4 cxb4 17. cxd5 Rxd5 18. Bc4 Rd8 19. axb4 Qxb4 20. Qxb4 Nxb4 21. Nd4 Nd2 22. Bxe6+ Bxe6 23. Nxe6 Nxf1 24. Nxd8 Nxe3 25. e6 Ned5 26. Ra3 Rxd8 27. Rxa7 Nf6 28. Bxf6 gxf6 29. Rb7 Re8 0-1

[Event "Oberliga NRW 1112"]
[Site "Germany"]
[Date "2012.01.08"]
[Round "5.1"]
[White "Dambacher, Martijn"]
[Black "Libeau, Rene"]
[Result "1-0"]
[WhiteElo "2458"]
[BlackElo "2348"]
[PlyCount "56"]
[EventDate "2011.09.18"]
[EventType "team-tourn"]
[EventRounds "9"]
[EventCountry "GER"]
[SourceTitle "EXT 2015"]
[Source "ChessBase"]
[SourceDate "2014.11.20"]
[SourceVersion "1"]
[SourceVersionDate "2014.11.20"]
[SourceQuality "1"]
[WhiteTeam "Gerresheim"]
[BlackTeam "Muenster SK"]
[WhiteTeamCountry "GER"]
[BlackTeamCountry "GER"]

1. d4 d5 2. c4 c6 3. Nf3 e6 4. e3 Bd6 5. b3 f5 6. Bd3 Nf6 7. 0-0 Qe7 8. Bb2 0-0 9. Nc3 Ne4 10. Ne2 b6 11. Ne5 Bb7 12. f3 Nf6 13. Qd2 Na6 14. a3 c5 15. cxd5 cxd4 16. Nc6 Bxc6 17. dxc6 dxe3 18. Qxe3 Nd5 19. Qf2 Nac7 20. f4 Rad8 21. Bc4 Nxf4 22. Kh1 Nxe2 23. Qxe2 Kh8 24. b4 e5 25. Rae1 e4 26. g4 Be5 27. Bxe5 Qxe5 28. gxf5 Rd4 1-0

[Event "NRW-ch"]
[Site "Muenster"]
[Date "2011.10.27"]
[Round "6"]
[White "Libeau, Rene"]
[Black "Kaufeld, Juergen"]
[Result "1/2-1/2"]
[WhiteElo "2394"]
[BlackElo "2261"]
[PlyCount "58"]
[EventDate "2011.10.23"]
[EventType "swiss"]
[EventRounds "7"]
[EventCountry "GER"]
[SourceTitle "EXT 2013"]
[Source "ChessBase"]
[SourceDate "2012.11.22"]
[SourceVersion "1"]
[SourceVersionDate "2012.11.22"]
[SourceQuality "1"]

1. d4 Nf6 2. Nf3 g6 3. Nc3 d5 4. Bf4 c6 5. e3 Bg7 6. Be2 Nbd7 7. Ne5 a5 8. h4 Nxe5 9. Bxe5 h5 10. f3 b5 11. Qd2 Kf8 12. Nd1 Ne8 13. Nf2 Bxe5 14. dxe5 Qc7 15. f4 Ng7 16. Bd3 Be6 17. Nh3 Rd8 18. Ng5 Bg4 19. 0-0 e6 20. c3 Qb6 21. a4 Nf5 22. Bxf5 Bxf5 23. axb5 cxb5 24. Qd4 Qc7 25. Qd2 Kg7 26. Nf3 Rb8 27. Nd4 Be4 28. Rfc1 Rhc8 29. Qe1 Qb6 1/2-1/2

[Event "Oberliga NRW 1011"]
[Site "Germany"]
[Date "2010.10.24"]
[Round "2.3"]
[White "Meessen, Rudolf"]
[Black "Libeau, Rene"]
[Result "0-1"]
[WhiteElo "2320"]
[BlackElo "2401"]
[PlyCount "80"]
[EventDate "2010.09.26"]
[EventType "team-tourn"]
[EventRounds "9"]
[EventCountry "GER"]
[SourceTitle "EXT 2012"]
[Source "ChessBase"]
[SourceDate "2011.11.24"]
[SourceVersion "1"]
[SourceVersionDate "2011.11.24"]
[SourceQuality "1"]
[WhiteTeam "Aachen"]
[BlackTeam "Muenster"]
[WhiteTeamCountry "GER"]
[BlackTeamCountry "GER"]

1. d4 e6 2. e4 d5 3. Nc3 Bb4 4. e5 Qd7 5. Qg4 Bf8 6. Nf3 b6 7. Bb5 c6 8. Ba4 a5 9. a3 Ba6 10. Bd2 Bc4 11. h4 h5 12. Qf4 Nh6 13. Nd1 b5 14. b3 Be2 15. Kxe2 bxa4 16. bxa4 Qa7 17. Nb2 Nd7 18. Qe3 c5 19. c3 Nf5 20. Qd3 Be7 21. g3 0-0 22. Bf4 Rab8 23. Rhb1 Rb3 24. Nd1 Rfb8 25. Ne3 Nxd4+ 26. Nxd4 cxd4 27. Rxb3 Rxb3 28. Qxd4 Bc5 29. Qd2 Qb7 30. Rc1 Bxa3 31. Rc2 Nc5 32. c4 Bb4 33. Qd1 Rd3 34. Qh1 Qa6 35. Qf3 d4 36. Qxh5 dxe3 37. Bxe3 Rd7 38. Qg4 Qc6 39. Rc1 Nd3 40. Rc2 Qxa4 0-1

[Event "Oberliga NRW 0910"]
[Site "Germany"]
[Date "2010.01.10"]
[Round "5.1"]
[White "Forchert, Martin"]
[Black "Libeau, Rene"]
[Result "1-0"]
[WhiteElo "2403"]
[BlackElo "2399"]
[PlyCount "59"]
[EventDate "2009.09.20"]
[EventType "team-tourn"]
[EventRounds "9"]
[EventCountry "GER"]
[SourceTitle "EXT 2011"]
[Source "ChessBase"]
[SourceDate "2010.11.26"]
[SourceVersion "1"]
[SourceVersionDate "2010.11.26"]
[SourceQuality "1"]
[WhiteTeam "Bielefeld"]
[BlackTeam "Muenster"]
[WhiteTeamCountry "GER"]
[BlackTeamCountry "GER"]

1. e4 e6 2. d4 d5 3. Nd2 Nf6 4. e5 Nfd7 5. Bd3 c5 6. c3 Nc6 7. Ne2 cxd4 8. cxd4 f6 9. exf6 Qxf6 10. Nf3 h6 11. 0-0 Bd6 12. Ng3 0-0 13. Bc2 Rd8 14. Re1 Nf8 15. Ne5 Qh4 16. f4 Bxe5 17. dxe5 Bd7 18. Be3 Be8 19. Qd2 Bg6 20. f5 exf5 21. Nxf5 Bxf5 22. Bxf5 Nxe5 23. Bxh6 Qf6 24. Qg5 Qxh6 25. Qxh6 gxh6 26. Rxe5 Rd6 27. Rd1 Rad8 28. Re7 Rb6 29. Rd3 Rf6 30. Rf3 1-0

[Event "BL2-West 0809"]
[Site "Germany"]
[Date "2009.03.01"]
[Round "7.4"]
[White "Koller, Jens"]
[Black "Libeau, Rene"]
[Result "1-0"]
[WhiteElo "2245"]
[BlackElo "2415"]
[PlyCount "44"]
[EventDate "2008.10.05"]
[EventType "team-tourn"]
[EventRounds "9"]
[EventCountry "GER"]
[SourceTitle "CBM 129 Extra"]
[Source "ChessBase"]
[SourceDate "2009.05.05"]
[SourceVersion "2"]
[SourceVersionDate "2009.05.20"]
[SourceQuality "1"]
[WhiteTeam "Oberursel"]
[BlackTeam "Muenster"]
[WhiteTeamCountry "GER"]
[BlackTeamCountry "GER"]

1. e4 e6 2. d4 d5 3. Nc3 Bb4 4. exd5 exd5 5. Bd3 Nc6 6. a3 Bxc3+ 7. bxc3 Nf6 8. Ne2 0-0 9. Bg5 h6 10. Bh4 Na5 11. 0-0 Qd6 12. Bg3 Qc6 13. f3 Ne8 14. Qc1 Nd6 15. Qf4 Nac4 16. Bh4 f6 17. Bg6 Bd7 18. Ng3 Be8 19. Bxe8 Qxe8 20. Rfe1 Qg6 21. Re7 Rf7 22. Re2 Raf8 1-0

[Event "BL2-West 0809"]
[Site "Germany"]
[Date "2008.10.26"]
[Round "2.3"]
[White "Libeau, Rene"]
[Black "Ringoir, Tanguy"]
[Result "0-1"]
[WhiteElo "2415"]
[BlackElo "2350"]
[PlyCount "82"]
[EventDate "2008.10.05"]
[EventType "team-tourn"]
[EventRounds "9"]
[EventCountry "GER"]
[SourceTitle "CBM 129 Extra"]
[Source "ChessBase"]
[SourceDate "2009.05.05"]
[SourceVersion "2"]
[SourceVersionDate "2009.05.20"]
[SourceQuality "1"]
[WhiteTeam "Muenster"]
[BlackTeam "Dortmund"]
[WhiteTeamCountry "GER"]
[BlackTeamCountry "GER"]

1. c4 c5 2. Nf3 g6 3. g3 Bg7 4. Bg2 Nc6 5. Nc3 e5 6. d3 Nge7 7. 0-0 0-0 8. Ne1 d6 9. Nc2 Be6 10. Ne3 Rb8 11. Ned5 h6 12. Rb1 f5 13. f4 exf4 14. Nxf4 Bf7 15. Bd2 a6 16. a4 Qd7 17. Nfd5 Nxd5 18. Nxd5 Ne7 19. Nb6 Qd8 20. a5 Nc8 21. Nd5 Ne7 22. Nb6 Nc8 23. Nxc8 Qxc8 24. Qb3 Be8 25. Bd5+ Bf7 26. Bg2 Be8 27. Bd5+ Bf7 28. Bf3 g5 29. Qb6 Qe6 30. e3 h5 31. Rbe1 h4 32. gxh4 g4 33. Bg2 Qe7 34. Rxf5 Qxh4 35. Qxd6 Rbd8 36. Qf4 Rxd3 37. Re2 Rxd2 38. Rxd2 Qe1+ 39. Qf1 Qxd2 40. Rxf7 Rxf7 41. Bd5 Qxd5 0-1

[Event "BL2-West 0203"]
[Site "Germany"]
[Date "2002.11.17"]
[Round "2.1"]
[White "Kritz, Leonid"]
[Black "Libeau, Rene"]
[Result "1-0"]
[WhiteElo "2476"]
[BlackElo "2428"]
[PlyCount "65"]
[EventDate "2002.10.20"]
[EventType "team-tourn"]
[EventRounds "9"]
[EventCountry "GER"]
[SourceTitle "EXT 2004"]
[Source "ChessBase"]
[SourceDate "2003.11.25"]
[SourceVersion "1"]
[SourceVersionDate "2003.11.25"]
[SourceQuality "1"]
[WhiteTeam "Bochum"]
[BlackTeam "Castrop Rauxel"]
[WhiteTeamCountry "GER"]
[BlackTeamCountry "GER"]

1. Nf3 Nf6 2. b3 d6 3. Bb2 e5 4. d3 Nbd7 5. Nbd2 g6 6. g3 Bg7 7. Bg2 0-0 8. 0-0 Ng4 9. h3 Nh6 10. d4 exd4 11. Bxd4 Nc5 12. Bxg7 Kxg7 13. b4 Ne6 14. Nb3 Qf6 15. Qd2 Bd7 16. Rfe1 Rfd8 17. c4 Rab8 18. e4 b5 19. cxb5 Rxb5 20. Rac1 Rb6 21. Na5 c5 22. a3 cxb4 23. axb4 Rdb8 24. Nc4 Rxb4 25. e5 Qd8 26. exd6 Nf5 27. Nfe5 Nfd4 28. Bd5 R8b5 29. Bxe6 Nxe6 30. Nxd7 Qxd7 31. Ne5 Rxe5 32. Qxb4 Rh5 33. h4 1-0

[Event "BL2-West 0203"]
[Site "Germany"]
[Date "2002.10.20"]
[Round "1.1"]
[White "Libeau, Rene"]
[Black "Nijboer, Friso"]
[Result "0-1"]
[WhiteElo "2428"]
[BlackElo "2556"]
[PlyCount "74"]
[EventDate "2002.10.20"]
[EventType "team-tourn"]
[EventRounds "9"]
[EventCountry "GER"]
[SourceTitle "EXT 2004"]
[Source "ChessBase"]
[SourceDate "2003.11.25"]
[SourceVersion "1"]
[SourceVersionDate "2003.11.25"]
[SourceQuality "1"]
[WhiteTeam "Castrop Rauxel"]
[BlackTeam "Koeln Porz II"]
[WhiteTeamCountry "GER"]
[BlackTeamCountry "GER"]

1. Nf3 g6 2. d4 Nf6 3. Bg5 Bg7 4. Nbd2 0-0 5. e3 d6 6. Bd3 Qe8 7. c3 e5 8. Qc2 Nc6 9. Bxf6 Bxf6 10. d5 Nb8 11. h4 c6 12. c4 Na6 13. Ne4 Be7 14. c5 cxd5 15. Nxd6 Bxd6 16. Bxa6 Bc7 17. Be2 Qe7 18. Rc1 Be6 19. Ng5 Bd7 20. g3 Rac8 21. b4 b6 22. Qd2 bxc5 23. bxc5 Bc6 24. 0-0 Rcd8 25. Qd3 h6 26. Nh3 Qe6 27. Qa6 Rb8 28. Rb1 Rxb1 29. Rxb1 d4 30. Bc4 Qf5 31. Qxc6 Qxb1+ 32. Kh2 Bb8 33. e4 Kg7 34. Qd5 Qe1 35. Kg2 Qa5 36. Ng1 Qc7 37. Nf3 Rd8 0-1

[Event "Bundesliga 9697"]
[Site "Germany"]
[Date "1997.??.??"]
[Round "?.4"]
[White "Heinatz, Thomas"]
[Black "Libeau, Rene"]
[Result "1/2-1/2"]
[WhiteElo "2380"]
[BlackElo "2450"]
[PlyCount "60"]
[EventDate "1996.10.12"]
[EventType "team-tourn"]
[EventRounds "15"]
[EventCountry "GER"]
[SourceTitle "GER-chT"]
[Source "ChessBase"]
[SourceDate "1999.07.01"]
[SourceVersion "1"]
[SourceVersionDate "1999.07.01"]
[SourceQuality "1"]
[WhiteTeam "Dresden"]
[BlackTeam "Castrop Rauxel"]
[WhiteTeamCountry "GER"]
[BlackTeamCountry "GER"]

1. e4 e6 2. d4 d5 3. Nc3 Bb4 4. e5 c5 5. a3 Bxc3+ 6. bxc3 Ne7 7. a4 Qa5 8. Bd2 Nbc6 9. Qg4 0-0 10. Bd3 c4 11. Be2 f6 12. f4 Qb6 13. Bc1 Qa5 14. Bd2 b5 15. Nf3 bxa4 16. 0-0 a3 17. Ra2 Rb8 18. Rfa1 Rb2 19. Rxa3 Qb6 20. Bd1 fxe5 21. fxe5 Bd7 22. h3 Nf5 23. Kh2 Rb1 24. Bc1 h6 25. Be2 Rxc1 26. Rxc1 Qb2 27. Rca1 Qxc2 28. R1a2 Qc1 29. Ra1 Qc2 30. R1a2 Qc1 1/2-1/2

[Event "Bundesliga 9697"]
[Site "Germany"]
[Date "1997.??.??"]
[Round "?.6"]
[White "Heissler, Jakob"]
[Black "Libeau, Rene"]
[Result "1-0"]
[WhiteElo "2430"]
[BlackElo "2450"]
[PlyCount "83"]
[EventDate "1996.10.12"]
[EventType "team-tourn"]
[EventRounds "15"]
[EventCountry "GER"]
[SourceTitle "GER-chT"]
[Source "ChessBase"]
[SourceDate "1999.07.01"]
[SourceVersion "1"]
[SourceVersionDate "1999.07.01"]
[SourceQuality "1"]
[WhiteTeam "Werder Bremen"]
[BlackTeam "Castrop Rauxel"]
[WhiteTeamCountry "GER"]
[BlackTeamCountry "GER"]

1. e4 e6 2. d3 d5 3. Nd2 Nf6 4. Ngf3 Nc6 5. c3 a5 6. e5 Nd7 7. d4 f6 8. Bb5 fxe5 9. dxe5 Be7 10. 0-0 0-0 11. Re1 Qe8 12. Nf1 Nc5 13. Ng3 Bd7 14. Bf1 a4 15. Qc2 Na5 16. Nd4 Nc4 17. f4 Bh4 18. Nf3 Bxg3 19. hxg3 Qh5 20. Ng5 Be8 21. Bxc4 dxc4 22. Be3 Nd3 23. Nxe6 Nxe1 24. Rxe1 Bg6 25. Qd2 Rfe8 26. Qd7 Bf7 27. Nxc7 Rad8 28. Qxa4 Re7 29. Nb5 Qg6 30. Kf2 Bd5 31. Bc5 Rf7 32. Nd6 Rxf4+ 33. gxf4 Qxg2+ 34. Ke3 Rf8 35. Qd1 Qg3+ 36. Kd2 Qxf4+ 37. Kc2 Bf3 38. Qd4 Qh2+ 39. Kc1 Rf4 40. Qd2 Qh4 41. e6 Bc6 42. e7 1-0

[Event "Bundesliga 9697"]
[Site "Germany"]
[Date "1997.??.??"]
[Round "?.5"]
[White "Libeau, Rene"]
[Black "Bosch, Jeroen"]
[Result "0-1"]
[WhiteElo "2450"]
[BlackElo "2425"]
[PlyCount "71"]
[EventDate "1996.10.12"]
[EventType "team-tourn"]
[EventRounds "15"]
[EventCountry "GER"]
[SourceTitle "GER-chT"]
[Source "ChessBase"]
[SourceDate "1999.07.01"]
[SourceVersion "1"]
[SourceVersionDate "1999.07.01"]
[SourceQuality "1"]
[WhiteTeam "Castrop Rauxel"]
[BlackTeam "Bochum"]
[WhiteTeamCountry "GER"]
[BlackTeamCountry "GER"]

1. d4 Nf6 2. Nf3 d5 3. c4 e6 4. Nc3 Nbd7 5. Bg5 Be7 6. e3 0-0 7. Bd3 dxc4 8. Bxc4 a6 9. a4 c5 10. 0-0 cxd4 11. exd4 Nb6 12. Bb3 Bd7 13. Ne5 Bc6 14. Re1 Nbd5 15. Qd3 Nb4 16. Qh3 Bd5 17. Nxd5 Nfxd5 18. Bd2 Nc6 19. Bc2 g6 20. Bc3 Rc8 21. Bb3 Nxe5 22. Rxe5 Bf6 23. Bxd5 Bxe5 24. Bxe6 Bxh2+ 25. Kxh2 Qd6+ 26. Kg1 fxe6 27. Re1 Rf5 28. Qh6 Rh5 29. Qe3 Re8 30. f4 Rd5 31. a5 Qf8 32. Rf1 Qf5 33. Rf3 Qg4 34. Qe1 Rf8 35. Qe3 Rf6 36. Bb4 0-1

[Event "Bundesliga 9697"]
[Site "Germany"]
[Date "1997.??.??"]
[Round "?.4"]
[White "Libeau, Rene"]
[Black "Volke, Karsten"]
[Result "1/2-1/2"]
[WhiteElo "2450"]
[BlackElo "2465"]
[PlyCount "57"]
[EventDate "1996.10.12"]
[EventType "team-tourn"]
[EventRounds "15"]
[EventCountry "GER"]
[SourceTitle "GER-chT"]
[Source "ChessBase"]
[SourceDate "1999.07.01"]
[SourceVersion "1"]
[SourceVersionDate "1999.07.01"]
[SourceQuality "1"]
[WhiteTeam "Castrop Rauxel"]
[BlackTeam "Berlin Empor"]
[WhiteTeamCountry "GER"]
[BlackTeamCountry "GER"]

1. c4 Nf6 2. Nc3 g6 3. g3 Bg7 4. Bg2 0-0 5. d3 c6 6. e4 a6 7. Nge2 b5 8. 0-0 d6 9. h3 Nbd7 10. Be3 Nb6 11. Nd4 Bb7 12. e5 dxe5 13. Nxc6 Bxc6 14. Bxc6 Rb8 15. cxb5 axb5 16. Bxb5 Nbd5 17. a4 Nxc3 18. bxc3 Qc8 19. Kg2 Qxc3 20. Rc1 Qa5 21. Rc5 Rfd8 22. Qc1 Nd5 23. Bd2 Qa7 24. Qc4 Nb6 25. Qc2 e4 26. Bf4 e5 27. Bxe5 Bxe5 28. Rxe5 exd3 29. Bxd3 1/2-1/2

[Event "Bundesliga 9596"]
[Site "Germany"]
[Date "1996.??.??"]
[Round "?.4"]
[White "Libeau, Rene"]
[Black "Ankerst, Mihael"]
[Result "1-0"]
[WhiteElo "2460"]
[BlackElo "2295"]
[PlyCount "115"]
[EventDate "1995.10.14"]
[EventType "team-tourn"]
[EventRounds "15"]
[EventCountry "GER"]
[SourceTitle "GER-chT"]
[Source "ChessBase"]
[SourceDate "1999.07.01"]
[SourceVersion "1"]
[SourceVersionDate "1999.07.01"]
[SourceQuality "1"]
[WhiteTeam "Castrop Rauxel"]
[BlackTeam "Muenchen 36"]
[WhiteTeamCountry "GER"]
[BlackTeamCountry "GER"]

1. c4 g6 2. Nc3 Bg7 3. g3 e5 4. Bg2 d6 5. d3 Nc6 6. Nf3 Nf6 7. 0-0 0-0 8. Rb1 a5 9. a3 Nd4 10. Nd2 c6 11. e3 Nf5 12. b4 axb4 13. axb4 d5 14. Nb3 Re8 15. b5 Ne7 16. bxc6 bxc6 17. cxd5 cxd5 18. Bb2 Bg4 19. Qd2 Qd6 20. Rfc1 Reb8 21. Ba1 Ra3 22. Qc2 Bf5 23. e4 Be6 24. Nd2 dxe4 25. Nc4 Bxc4 26. dxc4 Rxb1 27. Qxb1 Ra8 28. Nxe4 Nxe4 29. Qxe4 Rc8 30. Bb2 Nf5 31. Bh3 Rb8 32. c5 Qd2 33. Ba3 Nd4 34. c6 Ne2+ 35. Qxe2 Qxe2 36. c7 Ra8 37. c8Q+ Rxc8 38. Rxc8+ Bf8 39. Bxf8 f5 40. Bf1 Qd1 41. Bd6+ Kf7 42. Bxe5 g5 43. h3 h5 44. Rc6 Ke7 45. Bf6+ Kd7 46. Rc4 Ke6 47. Bxg5 Qa1 48. Rc1 Qb2 49. Bc4+ Ke5 50. h4 Kd6 51. Bd3 Ke6 52. Re1+ Kf7 53. Bxf5 Qd4 54. Re7+ Kf8 55. Bg6 Qd1+ 56. Kh2 Qd4 57. Rf7+ Kg8 58. Bh6 1-0

[Event "Bundesliga 9697"]
[Site "Germany"]
[Date "1996.??.??"]
[Round "?.5"]
[White "Libeau, Rene"]
[Black "Ristic, Nenad"]
[Result "1-0"]
[WhiteElo "2450"]
[BlackElo "2445"]
[PlyCount "76"]
[EventDate "1996.10.12"]
[EventType "team-tourn"]
[EventRounds "15"]
[EventCountry "GER"]
[SourceTitle "GER-chT"]
[Source "ChessBase"]
[SourceDate "1999.07.01"]
[SourceVersion "1"]
[SourceVersionDate "1999.07.01"]
[SourceQuality "1"]
[WhiteTeam "Castrop Rauxel"]
[BlackTeam "St Ingbert"]
[WhiteTeamCountry "GER"]
[BlackTeamCountry "GER"]

1. Nf3 c5 2. g3 Nc6 3. Bg2 g6 4. c3 Bg7 5. d4 cxd4 6. cxd4 d5 7. 0-0 Nf6 8. Ne5 0-0 9. Nc3 e6 10. Nxc6 bxc6 11. Na4 Nd7 12. Be3 Nb6 13. Nxb6 axb6 14. Qd2 Re8 15. Rac1 Bd7 16. b3 Ra3 17. Rc2 Qa8 18. Bf4 Bf8 19. e4 Qa6 20. Re1 Ra8 21. Re2 Ra7 22. h4 Qb5 23. Be5 Qb4 24. Qf4 Be7 25. Bf6 Bxf6 26. Qxf6 Ra8 27. h5 Qf8 28. exd5 cxd5 29. Rc7 Qd8 30. Qf4 R8a7 31. Rec2 Rxa2 32. h6 Rxc2 33. Rxa7 Rc8 34. Qe5 f6 35. Qd6 Be8 36. Qxe6+ Kh8 37. Bxd5 Bb5 38. Qf7 Qg8 1-0

[Event "Bundesliga 9495"]
[Site "Germany"]
[Date "1995.??.??"]
[Round "?.3"]
[White "Libeau, Rene"]
[Black "Lau, Ralf"]
[Result "1/2-1/2"]
[WhiteElo "2470"]
[BlackElo "2490"]
[PlyCount "53"]
[EventDate "1994.10.08"]
[EventType "team-tourn"]
[EventRounds "15"]
[EventCountry "GER"]
[SourceTitle "GER-chT"]
[Source "ChessBase"]
[SourceDate "1999.07.01"]
[SourceVersion "1"]
[SourceVersionDate "1999.07.01"]
[SourceQuality "1"]
[WhiteTeam "Castrop Rauxel"]
[BlackTeam "Solingen"]
[WhiteTeamCountry "GER"]
[BlackTeamCountry "GER"]

1. c4 b6 2. Nc3 Bb7 3. e4 e6 4. g3 f5 5. d3 Nf6 6. Bg2 fxe4 7. dxe4 Bb4 8. Bd2 0-0 9. Nh3 Na6 10. 0-0 Nc5 11. e5 Bxg2 12. Kxg2 Ne8 13. Na4 Na6 14. Ng5 Be7 15. Ne4 d5 16. exd6 Nxd6 17. Qg4 Nf5 18. Rad1 Qe8 19. b3 Qc6 20. Bc3 h5 21. Qe2 Rf7 22. Kg1 h4 23. Nb2 hxg3 24. hxg3 Nc5 25. Rfe1 Raf8 26. Nd3 Nxd3 27. Rxd3 1/2-1/2

[Event "Bundesliga 9596"]
[Site "Germany"]
[Date "1995.??.??"]
[Round "?.4"]
[White "Libeau, Rene"]
[Black "Lau, Ralf"]
[Result "0-1"]
[WhiteElo "2460"]
[BlackElo "2490"]
[PlyCount "60"]
[EventDate "1995.10.14"]
[EventType "team-tourn"]
[EventRounds "15"]
[EventCountry "GER"]
[SourceTitle "GER-chT"]
[Source "ChessBase"]
[SourceDate "1999.07.01"]
[SourceVersion "1"]
[SourceVersionDate "1999.07.01"]
[SourceQuality "1"]
[WhiteTeam "Castrop Rauxel"]
[BlackTeam "Solingen"]
[WhiteTeamCountry "GER"]
[BlackTeamCountry "GER"]

1. Nf3 Nf6 2. c4 e6 3. Nc3 d5 4. d4 c6 5. e3 Nbd7 6. Qc2 Bd6 7. Bd2 0-0 8. h3 a6 9. g4 dxc4 10. Bxc4 b5 11. Bd3 c5 12. g5 c4 13. Be2 Nd5 14. a4 Bb7 15. Ne4 Nb4 16. Qb1 Be7 17. Rg1 Kh8 18. Kf1 Qc7 19. Rg4 Nd5 20. Qc2 Rac8 21. Rh4 g6 22. Rc1 Kg8 23. Qb1 Bc6 24. axb5 axb5 25. b3 N5b6 26. Ba5 cxb3 27. Nfd2 Bxe4 28. Rxc7 Bxb1 29. Bxb6 Nxb6 30. Rxe7 Bc2 0-1

[Event "Bundesliga 9596"]
[Site "Germany"]
[Date "1995.??.??"]
[Round "?.4"]
[White "Libeau, Rene"]
[Black "Raetsky, Alexander"]
[Result "1-0"]
[WhiteElo "2460"]
[BlackElo "2505"]
[PlyCount "109"]
[EventDate "1995.10.14"]
[EventType "team-tourn"]
[EventRounds "15"]
[EventCountry "GER"]
[SourceTitle "GER-chT"]
[Source "ChessBase"]
[SourceDate "1999.07.01"]
[SourceVersion "1"]
[SourceVersionDate "1999.07.01"]
[SourceQuality "1"]
[WhiteTeam "Castrop Rauxel"]
[BlackTeam "Duisburg"]
[WhiteTeamCountry "GER"]
[BlackTeamCountry "GER"]

1. c4 e5 2. Nc3 Nf6 3. Nf3 Nc6 4. a3 g6 5. d4 exd4 6. Nxd4 Bg7 7. Nc2 0-0 8. g3 Ne5 9. b3 Nfg4 10. Ne4 d5 11. Qxd5 Bf5 12. Bg2 Nxf2 13. Kxf2 Ng4+ 14. Ke1 Qe8 15. Bg5 c6 16. Qd3 h6 17. Bh4 Qe6 18. h3 Ne5 19. Qe3 g5 20. Nd4 Qg6 21. Nxf5 Qxf5 22. g4 Qg6 23. Bg3 Nxc4 24. bxc4 Bxa1 25. Nd6 Rad8 26. c5 Bb2 27. h4 Qe6 28. Be4 Rxd6 29. cxd6 Re8 30. d7 Qxd7 31. Qf3 Qd4 32. Bd3 Bc3+ 33. Kf1 Qf6 34. hxg5 hxg5 35. Qxf6 Bxf6 36. Kg2 Be5 37. Rb1 b6 38. Bf2 c5 39. Kf3 Kg7 40. Be3 Rd8 41. Bc4 Bf6 42. a4 Rd6 43. Bd3 Be7 44. Bc4 Bf6 45. Bb3 Rc6 46. Rc1 Rc7 47. Rc2 Kf8 48. Bc4 Be7 49. Rd2 Rc6 50. Rd7 a6 51. Rd5 Rh6 52. Bxa6 Rh3+ 53. Ke4 Rg3 54. Bc8 c4 55. Rd2 1-0